00417nam a22001577a 4500003000500000005001700005008000400022020002300026040001400049082001600063100001900079245007400098260003100172300003000203504002600233322820251027155343.0eng a9780624089339qpbk aRDAc3228 0a200.82 NGCO aLihle Ngcobozi aMothers of the nation : Manyano women in South AfricacLihle Ngcobozi aCape TownbTafelbergc2020 a162 pagesc20 centimeters aIncludes bibliography